Países mais próximos de Uzbequistão - um minuto corrida - Statistics

Estatísticas Gerais
  • Esse quiz foi jogado 32 vezes
  • A pontuação média é 14 de 20
Estatísticas das Respostas
km país % Correto
0 Cazaquistão
100%
0 Tajiquistão
91%
0 Afeganistão
87%
617 Índia
87%
330 Paquistão
87%
0 Quirguistão
87%
524 Rússia
87%
0 Turquemenistão
87%
108 China
83%
484 Azerbaijão
78%
329 Irão
74%
774 Geórgia
70%
964 Turquia
70%
1039 Iraque
65%
821 Armênia
61%
1466 Nepal
57%
1517 Mongólia
52%
1260 Síria
43%
1442 Kuweit
22%
1543 Omã
13%
Nenhum quiz correspondente encontrado
Distribuição das Pontuações
Porcentagem de Pessoas com Cada Pontuação
Percentil de Números Respondidos
Sua Pontuação Histórica
Você não jogou esse quiz